Drought prospects for spring and summer 2012 (Record no. 113469)

MARC details
000 -LEADER
fixed length control field 00956cad a22002055a 4500
001 - CONTROL NUMBER
control field L155304
008 - FIXED-LENGTH DATA ELEMENTS--GENERAL INFORMATION
fixed length control field 120315s2012 xxk f 000 0 eng d
035 ## - SYSTEM CONTROL NUMBER
System control number (Sirsi) u155304
041 0# - LANGUAGE CODE
Language code of text/sound track or separate title eng
110 2# - MAIN ENTRY--CORPORATE NAME
Corporate name or jurisdiction name as entry element England and Wales
Subordinate unit Environment Agency
9 (RLIN) 2469
245 00 - TITLE STATEMENT
Title Drought prospects for spring and summer 2012
Medium [electronic resource]
260 ## - PUBLICATION, DISTRIBUTION, ETC.
Place of publication, distribution, etc. London
Name of publisher, distributor, etc. Environment Agency
Date of publication, distribution, etc. 2012
520 ## - SUMMARY, ETC.
Summary, etc. Gives an early indication of the prospects for water resources for spring and summer 2012. Includes a summary of each water company's position and prospects at the start of April 2012 and recommends a number of actions for water companies, farmers and other abstractors.
590 ## - LOCAL NOTE (RLIN)
Local note KA NTK
651 #4 - SUBJECT ADDED ENTRY--GEOGRAPHIC NAME
Geographic name ENGLAND AND WALES
690 ## - LOCAL SUBJECT ADDED ENTRY--TOPICAL TERM (OCLC, RLIN)
Topical term or geographic name as entry element Environment
9 (RLIN) 6238
690 ## - LOCAL SUBJECT ADDED ENTRY--TOPICAL TERM (OCLC, RLIN)
Topical term or geographic name as entry element Hydrography
9 (RLIN) 6245
856 40 - ELECTRONIC LOCATION AND ACCESS
Uniform Resource Identifier <a href="https://publications.environment-agency.gov.uk/PDF/GEHO0312BWDT-E-E.pdf">https://publications.environment-agency.gov.uk/PDF/GEHO0312BWDT-E-E.pdf</a>
Public note View the item free of charge at www.environment-agency.gov.uk
942 ## - ADDED ENTRY ELEMENTS (KOHA)
Suppress in OPAC 0
Holdings
Withdrawn status Lost status Source of classification or shelving scheme Damaged status Not for loan Home library Current library Shelving location Date acquired Total Checkouts Full call number Barcode Date last seen Copy number Price effective from Koha item type
    Dewey Decimal Classification     Virtual Virtual Online 15/03/2012   ONLINE PUBLICATION 155304-2001 06/08/2019 1 06/08/2019 Book